000 00504nam a22001697a 4500
003 OSt
005 20211119014435.0
008 170210b xxu||||| |||| 00| 0 eng d
020 _a0130619191
040 _aMMU
_beng
_cMMU
_dMMU
050 _aLB1025.3
_b.N23 2003
245 _aUnderstanding the Landscape of Teaching /
_cNaested, Irene, Bernie Potvin Peter Waldron
260 _aToronto :
_bPeason Prentice Hill,
_c2003.
300 _axix, 364p. :
_bill. ;
650 _aTeaching
942 _2lcc
_cLOAN LOAN
999 _c22544
_d22544